| 000 | 00466nam a22001817a 4500 | ||
|---|---|---|---|
| 003 | OSt | ||
| 005 | 20140310182346.0 | ||
| 008 | 130927t xxu||||| |||| 00| 0 eng d | ||
| 020 | _a1564589552 | ||
| 050 |
_aQB 983 _b.B613 1995 |
||
| 082 |
_aGS 523.1 _bB513 1995 |
||
| 245 |
_aIncredible universe _cCaroline Bingham |
||
| 260 |
_aNew York _bCovenant Garden Books _c1995 |
||
| 300 |
_a32 p. _c22 cm. |
||
| 541 | _j1 | ||
| 562 | _e1 | ||
| 942 |
_2lcc _cBK-GS _kGS |
||
| 999 |
_c12230 _d12230 |
||